Egyptian Cuisine by Images - Statistics

General Stats
  • This quiz has been taken 11 times
  • The average score is 7 of 16
Answer Stats
Picture Answer % Correct
Shakshouka
100%
Hummus
86%
Koshari
86%
Bamia
71%
Hawawshi
71%
Shawarma
71%
Mulukhiyah
57%
Basbousa
43%
Gollash
43%
Fatayer
29%
Om Ali
29%
Bessara
14%
Eggah
14%
Tarb
14%
Keshk
0%
Mahalabia
0%
No matching quizzes found
Score Distribution
Percent of People with Each Score
Percentile by Number Answered
Your Score History
You have not taken this quiz